Les mormons (notice n° 1794045)

détails MARC
000 -LEADER
fixed length control field 01462cam a2200133 4500500
005 - DATE AND TIME OF LATEST TRANSACTION
control field 20260329000232.0
041 ## - LANGUAGE CODE
Language code of text/sound track or separate title fre
042 ## - AUTHENTICATION CODE
Authentication code dc
100 10 - MAIN ENTRY--PERSONAL NAME
Personal name Gillette, Alain
Relator term author
245 00 - TITLE STATEMENT
Title Les mormons
260 ## - PUBLICATION, DISTRIBUTION, ETC.
Name of publisher, distributor, etc. Desclée De Brouwer,<br/>
Date of publication, distribution, etc. 2012.<br/>
520 ## - SUMMARY, ETC.
Summary, etc. Les mormons développent dans 185 pays leur Eglise de Jésus-Christ des saints du dernier jour, avec quelque 300000 conversions annuelles. Leur prosélytisme très actif, la campagne de l’évêque Mitt Romney dans la course à la Maison Blanche en 2012 et la construction de leur premier temple en France métropolitaine, réservé aux sacrements les plus élevés, traduisent ce dynamisme. Des tables d’or que Dieu aurait confiées près de New York en 1820 à un jeune paysan, Joseph Smith, les mormons ont tiré une prodigieuse puissance financière et politique. La conquête théocratique de l’Ouest, la polygamie, une colossale entreprise généalogique pour baptiser les défunts, de vives controverses et l’impact profond d’Internet sur la stratégie de cette singulière Eglise sont parmi les épisodes retracés ici, d’une incarnation religieuse et totalitaire du rêve américain. Le livre-référence, sans parti pris ni complaisance, pour mieux connaître les mormons, notamment ceux des pays francophones, leur religion et leur impact sur la société américaine.
856 41 - ELECTRONIC LOCATION AND ACCESS
Uniform Resource Identifier <a href="https://shs.cairn.info/les-mormons--9782220064666?lang=fr&redirect-ssocas=7080">https://shs.cairn.info/les-mormons--9782220064666?lang=fr&redirect-ssocas=7080</a>

Pas d'exemplaire disponible.

PLUDOC

PLUDOC est la plateforme unique et centralisée de gestion des bibliothèques physiques et numériques de Guinée administré par le CEDUST. Elle est la plus grande base de données de ressources documentaires pour les Étudiants, Enseignants chercheurs et Chercheurs de Guinée.

Adresse

627 919 101/664 919 101

25 boulevard du commerce
Kaloum, Conakry, Guinée

Réseaux sociaux

Powered by Netsen Group @ 2025